Christl. Philosoph. Dr. Krabbe notirt von J. J. Hodža. Semest. VI. Heft III.

Zošit prednášok Dr. Krabbeho z kresťanskej filosofie, zapísaných poslucháčom J. J. Hodžom

Bibliographic Details
Main Author: Krabbe, Otto Carsten, 1805-1873 (Author)
Format: Manuscript Book
Language:German
PhysicalDescription:92 nečíslovaných strán rukopis, viazaný 21 cm
Published: Rostock 1867
Subjects:

MARC

LEADER 00000ctmaa2200000 a 4500
001 vtls011765156
003 SK-MaSNL
005 20260302022225.0
008 251201s1867 gw || 000 s ger
035 |a urn:nbn:sk:snk-tm00elkc 
035 |a urn:nbn:sk:snk-tm3n3lr 
035 |a CEC213BC-3D74-4D2E-905F-3277722DB396 
040 |a SNKLA  |b slo  |c SNKLA  |e AACR2 
041 0 |a ger 
044 |a gw  |c DE 
072 7 |a 14  |x Filozofické systémy a hľadiská  |2 konspekt 
072 7 |a 37  |x Výchova a vzdelávanie  |2 konspekt 
080 |a 2-11  |2 2011 
080 |a 2-1  |2 2011 
080 |a 37.091.32  |2 2011 
080 |a 025.171  |2 2011 
080 |a 686.816(075):37  |2 2011 
100 1 |a Krabbe, Otto Carsten,  |d 1805-1873  |4 aut  |9 667497 
245 1 0 |a Christl. Philosoph. Dr. Krabbe notirt von J. J. Hodža. Semest. VI. Heft III. 
246 3 3 |a Christliche Philosophie Dr. Krabbe notirt von J. J. Hodža. Semester VI. Heft III. 
260 |a Rostock  |c 1867 
300 |a 92 nečíslovaných strán  |b rukopis, viazaný  |c 21 cm 
500 |a Titul na štítku predného kartónu 
520 2 |a Zošit prednášok Dr. Krabbeho z kresťanskej filosofie, zapísaných poslucháčom J. J. Hodžom 
555 0 |a Inventár rukopisov Archívu literatúry a umenia Slovenskej národnej knižnice. Rukopisy Muzeálnej slovenskej spoločnosti: Slovenská národná knižnica 2008 
561 |a Okrúhla pečiatka: Museálna slovenská spoločnosť 
610 2 7 |a Evanjelická cirkev a.v.  |2 SNKKA  |9 32425 
650 0 7 |a teologické školy  |2 SNKPH  |9 81400 
650 0 7 |a kresťanská filozofia  |2 SNKPH  |9 805 
655 7 |a prednášky  |2 SNKPH  |9 70554 
655 7 |a rukopisy  |2 SNKPH  |9 70548 
655 7 |a školské zošity  |2 SNKPH  |9 161741 
700 1 |a Hodža, Jozef Jaroslav,  |d 1840-1918  |4 trc  |9 56451 
852 |a Slovenská národná knižnica  |b Literárny archív 
958 |a MS 
958 |a LAVD 
999 |c 1031920  |d 1033850 
952 |a SNKLA  |b SNKLA  |c SNKLA_DEP  |y NEVYP  |7 0  |p 17A1228193  |o snkMSS 169  |0 0  |1 0  |4 0  |d 2018-07-03  |f 1  |l 0  |r 2026-02-24 13:57:29  |w 2026-02-24